00341nam a2200133Ia 450000500170000000800410001702000180005808200220007610000170009824500410011526000270015630000130018365000110019620250417084117.0231217s9999 xx 000 0 und d a9788131408520 a658.473 SUD;1 R aSudha Menon. 0aHuman security : global perspectives c2007bIcfaiaHyderabad axiv, 241 aglobal